000 00459nam a2200181Ia 4500
008 151202s9999||||xx |||||||||||||| ||und||
082 _bPNVM-28062
100 _a---
245 _aसात हिंदुस्थानी.
260 _b---
260 _c0
300 _a0
600 _a---
630 _aसात हिंदुस्थानी.
700 _a---
730 _aसात हिंदुस्थानी.
942 _cBOOK
999 _c1294030
_d1294027